| 000 | 00648nam a2200205 i 4500 | ||
|---|---|---|---|
| 001 | 59267 | ||
| 003 | ES-MaACL | ||
| 005 | 20230906164011.0 | ||
| 007 | t| | ||
| 008 | 031028s1963 sp ||||1| baq d | ||
| 100 | 1 |
_aElicegui, Mikela. _946983 |
|
| 245 | 1 | 0 |
_aPello Errotak _b: jarritako bertsoak. / _cMikela Elicegui ; bilduma Antonio Zavala. |
| 260 |
_a[San Sebastián] : _bAuspoa Liburutegia, _c1963. |
||
| 300 |
_a154 p., 1 lám. ; _c18 cm. |
||
| 490 | 1 |
_aAuspoa liburutegia ; _v33 |
|
| 700 | 1 |
_aZavala, Antonio. _9118104 |
|
| 830 | 0 |
_aAuspoa liburutegia ; _v33 _9181493 |
|
| 852 |
_aES-MaACL _jC-26957 _bR.54242 |
||
| 999 |
_c59267 _d59267 |
||